Boston Celtics 2025-2026 Roster - Statistics

General Stats
  • This quiz has been taken 76 times
    35 since last reset
  • The average score is 11 of 15
Answer Stats
Jersey # Pos Answer % Correct
7 G-F Jaylen Brown
100%
0 F-G Jayson Tatum
100%
9 G Derrick White
96%
30 F Sam Hauser
96%
88 C Neemias Queta
92%
11 G Payton Pritchard
92%
27 G Jordan Walsh
88%
4 C Nikola Vucevic
79%
52 C Luka Garza
75%
28 G Hugo Gonzalez
67%
13 G-F Ron Harper Jr
67%
55 G Baylor Scheierman
63%
77 F-C Amari Williams
54%
44 G Max Shulga
38%
8 G John Tonje
25%
No matching quizzes found
Score Distribution
Percent of People with Each Score
Percentile by Number Answered
Your Score History
You have not taken this quiz since the last reset